<?xml version="1.0" encoding="UTF-8"?><?xml-stylesheet type="text/xsl" href="static/style.xsl"?><OAI-PMH xmlns="http://www.openarchives.org/OAI/2.0/" xmlns:xsi="http://www.w3.org/2001/XMLSchema-instance" xsi:schemaLocation="http://www.openarchives.org/OAI/2.0/ http://www.openarchives.org/OAI/2.0/OAI-PMH.xsd"><responseDate>2026-04-17T03:27:41Z</responseDate><request verb="GetRecord" identifier="oai:www.recercat.cat:10459.1/463941" metadataPrefix="marc">https://recercat.cat/oai/request</request><GetRecord><record><header><identifier>oai:recercat.cat:10459.1/463941</identifier><datestamp>2025-09-15T18:37:06Z</datestamp><setSpec>com_2072_3622</setSpec><setSpec>col_2072_479130</setSpec></header><metadata><record xmlns="http://www.loc.gov/MARC21/slim" xmlns:dcterms="http://purl.org/dc/terms/" xmlns:xsi="http://www.w3.org/2001/XMLSchema-instance" xmlns:doc="http://www.lyncode.com/xoai" xsi:schemaLocation="http://www.loc.gov/MARC21/slim http://www.loc.gov/standards/marcxml/schema/MARC21slim.xsd">
   <leader>00925njm 22002777a 4500</leader>
   <datafield ind2=" " ind1=" " tag="042">
      <subfield code="a">dc</subfield>
   </datafield>
   <datafield ind2=" " ind1=" " tag="720">
      <subfield code="a">Sentís-Moré, Pau</subfield>
      <subfield code="e">author</subfield>
   </datafield>
   <datafield ind2=" " ind1=" " tag="720">
      <subfield code="a">Ortega Olivé, Nàdia</subfield>
      <subfield code="e">author</subfield>
   </datafield>
   <datafield ind2=" " ind1=" " tag="720">
      <subfield code="a">Robles Rodríguez, Iván</subfield>
      <subfield code="e">author</subfield>
   </datafield>
   <datafield ind2=" " ind1=" " tag="720">
      <subfield code="a">Royo-Esnal, Aritz</subfield>
      <subfield code="e">author</subfield>
   </datafield>
   <datafield ind2=" " ind1=" " tag="720">
      <subfield code="a">Romero Fabregat, Mª Paz</subfield>
      <subfield code="e">author</subfield>
   </datafield>
   <datafield ind2=" " ind1=" " tag="260">
      <subfield code="c">2023</subfield>
   </datafield>
   <datafield ind2=" " ind1=" " tag="520">
      <subfield code="a">Camelina is an ancient oilseed known for its healthy oil composition and high crude protein content. Efforts have recently been made to reintroduced camelina in Europe and North America. This study aimed to propose an innovative strategy for valorising the camelina meal, a by-product obtained after oil extraction. Specifically, the investigation focused on the hydrolysis of protein directly applied to camelina meal studying two enzymes (Alcalase® and Protamex®) across three Camelina varieties (Calena, Vera and Sonny). Protein hydrolysates were successfully produced, with a maximum weight yield of 47%, and achieved values above 49 g/100 g in crude protein content and 58% in protein yield. The study revealed that Alcalase® and Protamex® produced similar protein molecular weight distribution but exhibited distinct technological properties. The emulsifying capacities of the protein hydrolysates were enhanced by Alcalase®, with the maximum emulsifying activity index reaching 36 m2/s. Conversely, Protamex® decreased the emulsifying capabilities of protein hydrolysates. To evaluate the applicability of the protein hydrolysates obtained, an oil-in-water emulsion was selected as a food application. The results suggested that camelina protein hydrolysates have the potential to serve as a new emulsifier ingredient. Furthermore, no significant differences were observed among the three camelina varieties in terms of protein yields or technological properties.</subfield>
   </datafield>
   <datafield ind2=" " ind1=" " tag="520">
      <subfield code="a">This study was funded by Operational Groups projects of the Generalitat de Catalunya (56-21-039-2019) and financially supported by the Catalan Government through the funding grant ACCIÓ-Eurecat (TECCT11-1-0012 – project ARIAPNE). Pau Sentís-Moré is supported by a fellowship from the Vicente Lòpez Program (Eurecat).</subfield>
   </datafield>
   <datafield tag="653" ind2=" " ind1=" ">
      <subfield code="a">Enzymatic hydrolysis</subfield>
   </datafield>
   <datafield tag="653" ind2=" " ind1=" ">
      <subfield code="a">Proteases</subfield>
   </datafield>
   <datafield tag="653" ind2=" " ind1=" ">
      <subfield code="a">Oilseed meals</subfield>
   </datafield>
   <datafield tag="653" ind2=" " ind1=" ">
      <subfield code="a">Varieties</subfield>
   </datafield>
   <datafield tag="653" ind2=" " ind1=" ">
      <subfield code="a">Technological properties</subfield>
   </datafield>
   <datafield ind2="0" ind1="0" tag="245">
      <subfield code="a">Protein hydrolysis of Camelina sativa meals: A study of molecular weight distribution and emulsifying properties</subfield>
   </datafield>
</record></metadata></record></GetRecord></OAI-PMH>